Micheal Adikwu and The Dynamic of Leadership (Record no. 4371)
[ view plain ]
| 000 -LEADER | |
|---|---|
| fixed length control field | 00357nam a22001337a 4500 |
| 008 - FIXED-LENGTH DATA ELEMENTS--GENERAL INFORMATION | |
| fixed length control field | 250725b |||||||| |||| 00| 0 eng d |
| 020 ## - INTERNATIONAL STANDARD BOOK NUMBER | |
| ISBN | 9789789730636 |
| 100 ## - MAIN ENTRY--AUTHOR | |
| Author | OKEREKE, Johnson |
| 245 ## - TITLE STATEMENT | |
| Title | Micheal Adikwu and The Dynamic of Leadership |
| 260 ## - PUBLICATION, DISTRIBUTION, ETC. (IMPRINT) | |
| Place of publication | Kubwa Abuja |
| Name of publisher | Visual Impression |
| Date of publication | 2019 |
| 300 ## - COLLATION | |
| Pagination | xiii, 333p. |
| 942 ## - ADDED ENTRY ELEMENTS (KOHA) | |
| Item type | Books |
| 050 ## - LIBRARY OF CONGRESS CALL NUMBER | |
| Classification number | HD57 |
| Item number | .O54 |
| Source of classification or shelving scheme | Not for loan | Permanent location | Current location | Date acquired | Accession No. | Full call number | Barcode. | Koha item type |
|---|---|---|---|---|---|---|---|---|
| Library of Congress Classification | Samuel Ogbemudia Main Library, University of Abuja | Samuel Ogbemudia Main Library, University of Abuja | 07/25/2025 | 2019-55310 | HD57.O54 | 2025-3143 | Books | |
| Library of Congress Classification | Samuel Ogbemudia Main Library, University of Abuja | Samuel Ogbemudia Main Library, University of Abuja | 07/25/2025 | 2019-55310 | HD57.O54 | 2025-3144 | Books | |
| Library of Congress Classification | Samuel Ogbemudia Main Library, University of Abuja | Samuel Ogbemudia Main Library, University of Abuja | 07/25/2025 | 2019-55310 | HD57.O54 | 2025-3145 | Books | |
| Library of Congress Classification | Samuel Ogbemudia Main Library, University of Abuja | Samuel Ogbemudia Main Library, University of Abuja | 07/25/2025 | 2019-55310 | HD57.O54 | 2025-3146 | Books | |
| Library of Congress Classification | Samuel Ogbemudia Main Library, University of Abuja | Samuel Ogbemudia Main Library, University of Abuja | 07/25/2025 | 2019-55310 | HD57.O54 | 2025-3147 | Books |